[Event "C.N. sah copii, juniori, tineret 2019 -"]
[Site "Caciulata"]
[Date "2019.04.22"]
[Round "9.8"]
[White "Angheluta, Diana"]
[Black "Hoanca, Alexia-Ioana"]
[Result "1/2-1/2"]
[WhiteElo "1376"]
[BlackElo "1144"]
[PlyCount "84"]
[EventDate "2019.04.15"]
[EventRounds "5"]

1. c4 e6 2. e4 d5 3. cxd5 exd5 4. exd5 Qxd5 5. Nc3 Qa5 6. d4 c6 7. Nf3 Nf6 8.
Bd2 Bg4 9. Ne4 Qd8 10. Qe2 Be6 11. Bc3 Nxe4 12. Qxe4 h6 13. Bc4 Qd6 14. O-O Nd7
15. Rfe1 Nf6 16. Qe5 Nd5 17. Nh4 O-O-O 18. Bxd5 Qxd5 19. Nf3 Rg8 20. a3 Bd6 21.
Qxd5 Bxd5 22. Re3 Rde8 23. Rae1 Kd7 24. Ne5+ Kd8 25. Ba5+ b6 26. Bc3 f6 27. Nd3
Bf7 28. b4 Bg6 29. Nb2 Bf4 30. Rxe8+ Rxe8 31. Rxe8+ Kxe8 32. g3 Bd6 33. f4 Bf7
34. Kf2 Ke7 35. Ke3 Ke6 36. g4 g5 37. f5+ Kd5 38. h3 h5 39. Kd3 hxg4 40. hxg4
Be8 41. Nc4 Bc7 42. Ne3+ Kd6 1/2-1/2

[Event "C.N. sah copii, juniori, tineret 2019 -"]
[Site "Caciulata"]
[Date "2019.04.21"]
[Round "8.8"]
[White "Iorga, Maria-Irina"]
[Black "Angheluta, Diana"]
[Result "1-0"]
[WhiteElo "1313"]
[BlackElo "1376"]
[PlyCount "165"]
[EventDate "2019.04.15"]
[EventRounds "5"]

1. d4 d5 2. Nf3 Nc6 3. Bf4 Bf5 4. e3 e6 5. c4 Nf6 6. Nc3 Bb4 7. a3 Bxc3+ 8.
bxc3 O-O 9. Bg5 h6 10. Bh4 Rb8 11. Be2 Qe7 12. O-O g5 13. Bg3 Ne4 14. Qc1 Nxg3
15. hxg3 Bg6 16. Nd2 Rfd8 17. Qd1 Qd7 18. f4 f5 19. cxd5 exd5 20. Nf3 g4 21.
Ne5 Qe6 22. Bd3 a6 23. Qc2 Ne7 24. c4 c6 25. Rab1 b5 26. c5 Kg7 27. Rb2 h5 28.
Kf2 Rh8 29. Rh1 Ra8 30. a4 Ra7 31. a5 Raa8 32. Rbb1 Rh7 33. Rh2 Rah8 34. Rbh1
Kf6 35. Qb1 Be8 36. Nxg4+ Kg7 37. Ne5 Bg6 38. Be2 Ng8 39. Bd3 Ne7 40. Qd1 Ng8
41. Qc2 Ne7 42. Rh4 Rh6 43. R1h3 R6h7 44. Qb1 Qc8 45. Qh1 Qe8 46. Rh2 Ng8 47.
g4 hxg4 48. Rxh7+ Rxh7 49. Rxh7+ Bxh7 50. Nxg4 Bg6 51. Ne5 Nf6 52. Qh4 Qe7 53.
Qg5 Ng4+ 54. Kf3 Qxg5 55. fxg5 Bh5 56. Nxg4 Bxg4+ 57. Kf4 Kg6 58. g3 Bh3 59.
Be2 Bg2 60. Ke5 b4 61. Bd1 Bf1 62. Bc2 Kxg5 63. Bxf5 b3 64. Bb1 Bb5 65. e4 dxe4
66. Bxe4 Kg4 67. d5 cxd5 68. Kxd5 Kxg3 69. c6 Bxc6+ 70. Kxc6 Kf4 71. Bb1 Ke5
72. Kb6 Kd6 73. Kxa6 Kc6 74. Ka7 Kc7 75. a6 b2 76. Ka8 Kc8 77. Bd3 Kc7 78. a7
Kc8 79. Bb1 Kc7 80. Bf5 b1=R 81. Bxb1 Kc8 82. Bh7 Kc7 83. Bf5 1-0

[Event "C.N. sah copii, juniori, tineret 2019 -"]
[Site "Caciulata"]
[Date "2019.04.20"]
[Round "7.12"]
[White "Paulet, Elena-Cristiana"]
[Black "Angheluta, Diana"]
[Result "0-1"]
[WhiteElo "1156"]
[BlackElo "1376"]
[PlyCount "128"]
[EventDate "2019.04.15"]
[EventRounds "5"]

1. d4 d5 2. Bf4 Nf6 3. e3 Bf5 4. Nf3 Nbd7 5. Nbd2 e6 6. Be2 Bb4 7. c3 Be7 8.
O-O O-O 9. h3 b6 10. Re1 c5 11. Ne5 Nxe5 12. dxe5 Nd7 13. Bf3 Rc8 14. e4 dxe4
15. Bxe4 Bxe4 16. Nxe4 Qc7 17. Nd2 Nb8 18. Qc2 Nc6 19. Nf3 Rcd8 20. Rad1 Rfe8
21. Bh2 g6 22. Nd2 Rd5 23. Nf3 Red8 24. Rxd5 Rxd5 25. Rd1 Qd7 26. Rxd5 Qxd5 27.
c4 Qd7 28. Qd2 Qc8 29. b3 Kg7 30. Kf1 Qd8 31. Qxd8 Bxd8 32. Ke2 Nb4 33. a3 Nc2
34. a4 Na1 35. Nd2 Nc2 36. Kd1 Nd4 37. Bg1 Bg5 38. f3 Bf4 39. Bxd4 cxd4 40. Ke2
Bxe5 41. b4 Bd6 42. b5 f5 43. Kd3 e5 44. f4 e4+ 45. Kxd4 Bxf4 46. Nf1 Kf6 47.
c5 bxc5+ 48. Kxc5 e3 49. Nxe3 Bxe3+ 50. Kc6 Ke5 51. a5 h5 52. b6 axb6 53. axb6
Bxb6 54. Kxb6 g5 55. Kc5 g4 56. hxg4 hxg4 57. Kc4 Ke4 58. Kc3 Ke3 59. Kc2 Kf2
60. Kd3 Kxg2 61. Ke3 Kh2 62. Kf4 g3 63. Kxf5 g2 64. Kf4 g1=Q 0-1

[Event "C.N. sah copii, juniori, tineret 2019 -"]
[Site "Caciulata"]
[Date "2019.04.19"]
[Round "6.7"]
[White "Angheluta, Diana"]
[Black "Schiopu, Oana-Magdalena"]
[Result "0-1"]
[WhiteElo "1376"]
[BlackElo "1622"]
[PlyCount "68"]
[EventDate "2019.04.15"]
[EventRounds "5"]

1. c4 e6 2. Nc3 d5 3. cxd5 exd5 4. d4 c6 5. e3 Bf5 6. Bd3 Bxd3 7. Qxd3 Nf6 8.
Nf3 Bd6 9. O-O O-O 10. a3 Nbd7 11. Re1 Re8 12. Qc2 Ne4 13. Bd2 Ndf6 14. h3 Rc8
15. b4 a6 16. Qb2 Bb8 17. Ne2 Nd7 18. Nc3 Nb6 19. Bc1 Re6 20. Qc2 Qf6 21. Nxe4
dxe4 22. Nd2 Rce8 23. Bb2 Qg5 24. Qc5 Nd5 25. Qc2 Rg6 26. g4 Qh4 27. Kg2 Nf6
28. Rg1 Nxg4 29. hxg4 Qxg4+ 30. Kf1 Qxg1+ 31. Ke2 Qg4+ 32. Ke1 Rh6 33. Nf1 Rh1
34. Kd2 Qg2 0-1

[Event "C.N. sah copii, juniori, tineret 2019 -"]
[Site "Caciulata"]
[Date "2019.04.18"]
[Round "5.9"]
[White "Angheluta, Diana"]
[Black "Albu, Camelia"]
[Result "1/2-1/2"]
[WhiteElo "1376"]
[BlackElo "1414"]
[PlyCount "82"]
[EventDate "2019.04.15"]
[EventRounds "5"]

1. c4 e6 2. Nc3 Nf6 3. e4 Bc5 4. g3 d6 5. Bg2 e5 6. Nge2 Be6 7. d3 Nc6 8. O-O
Qd7 9. a3 a5 10. Bd2 Bh3 11. Qc1 Nd4 12. Nxd4 Bxd4 13. Be3 Bc5 14. Nd5 c6 15.
Nb6 Bxb6 16. Bxb6 Ra6 17. Be3 Bxg2 18. Kxg2 d5 19. exd5 cxd5 20. b4 axb4 21.
axb4 O-O 22. b5 Raa8 23. Qb2 Qd6 24. Rxa8 Rxa8 25. Ra1 Rd8 26. Ra7 d4 27. Bg5
Qb8 28. Bxf6 gxf6 29. Qa3 Qc7 30. Ra8 b6 31. Qa7 Qxa7 32. Rxa7 Rb8 33. Kf3 f5
34. Ke2 Kg7 35. f3 Kf6 36. h3 h5 37. h4 Ke6 38. Ra6 Kd6 39. Ra7 Ke6 40. Ra6 Kd6
41. Ra7 Ke6 1/2-1/2

[Event "C.N. sah copii, juniori, tineret 2019 -"]
[Site "Caciulata"]
[Date "2019.04.17"]
[Round "3.11"]
[White "Angheluta, Diana"]
[Black "Moldovanu, Raluca"]
[Result "1-0"]
[WhiteElo "1376"]
[BlackElo "1211"]
[PlyCount "61"]
[EventDate "2019.04.15"]
[EventRounds "5"]

1. c4 e6 2. Nc3 d5 3. cxd5 exd5 4. d4 Nf6 5. Nf3 Be7 6. e3 Bg4 7. Be2 O-O 8.
O-O Nbd7 9. Qc2 Bd6 10. Ng5 Bxe2 11. Qxe2 Re8 12. Nf3 c6 13. a3 a5 14. Rb1 Ne4
15. g3 Nb6 16. Nxe4 dxe4 17. Nd2 Nd5 18. Nc4 Bc7 19. Bd2 b5 20. Ne5 Bxe5 21.
dxe5 Rxe5 22. Rbc1 Qd7 23. Kg2 Re6 24. Qg4 Nf6 25. Qe2 Qd3 26. Rfe1 Qxe2 27.
Rxe2 a4 28. Bb4 Rd8 29. Rec2 Rc8 30. Rd1 Nd5 31. Rxd5 1-0

[Event "C.N. sah copii, juniori, tineret 2019 -"]
[Site "Caciulata"]
[Date "2019.04.17"]
[Round "4.7"]
[White "Hejja, Irisz-Hanna"]
[Black "Angheluta, Diana"]
[Result "1/2-1/2"]
[WhiteElo "1523"]
[BlackElo "1376"]
[PlyCount "80"]
[EventDate "2019.04.15"]
[EventRounds "5"]

1. d4 d5 2. Bf4 Nf6 3. e3 Bf5 4. Nf3 e6 5. Nbd2 Bd6 6. Ne5 O-O 7. Be2 Qe7 8. c3
Nbd7 9. g4 Bg6 10. h4 h6 11. g5 hxg5 12. hxg5 Bxe5 13. dxe5 Ne4 14. Nxe4 Bxe4
15. f3 Bf5 16. Bd3 Bxd3 17. Qxd3 g6 18. O-O-O Kg7 19. Rh6 Rh8 20. Rdh1 Rxh6 21.
Rxh6 Rh8 22. Qf1 Qe8 23. Qh3 Qf8 24. Kd2 c5 25. Rxh8 Qxh8 26. Qxh8+ Kxh8 27.
Kd3 Kg8 28. Bg3 Kf8 29. f4 Ke8 30. Be1 c4+ 31. Kd4 Nb6 32. b3 Kd7 33. e4 cxb3
34. axb3 Kc6 35. Bd2 dxe4 36. Kxe4 Nd7 37. b4 b5 38. Be3 a6 39. Bf2 Kc7 40. Be3
Kc6 1/2-1/2

[Event "C.N. sah copii, juniori, tineret 2019 -"]
[Site "Caciulata"]
[Date "2019.04.16"]
[Round "2.9"]
[White "Batagan, Ilinca-Petra"]
[Black "Angheluta, Diana"]
[Result "1-0"]
[WhiteElo "1684"]
[BlackElo "1376"]
[PlyCount "129"]
[EventDate "2019.04.15"]
[EventRounds "5"]

1. e4 d5 2. exd5 Qxd5 3. Nc3 Qa5 4. d4 c6 5. Nf3 Bf5 6. Ne5 Nf6 7. Nc4 Qc7 8.
g3 e6 9. Bf4 Qd8 10. Bg2 Be7 11. O-O O-O 12. Re1 Nd5 13. Nxd5 cxd5 14. Ne3 Bg6
15. c4 Bb4 16. Re2 Bd6 17. Bxd6 Qxd6 18. cxd5 exd5 19. Bxd5 Nc6 20. Rd2 Rab8
21. a3 Ne7 22. Bg2 b6 23. Nc4 Qd8 24. Ne5 Rc8 25. Nxg6 hxg6 26. d5 Qd6 27. Rc1
Rc5 28. b4 Rxc1 29. Qxc1 Rc8 30. Qb2 Rd8 31. f4 f6 32. Qc2 Kf7 33. Qe4 Rd7 34.
g4 a6 35. f5 gxf5 36. gxf5 Qe5 37. h4 Qxf5 38. Qxf5 Nxf5 39. Bh3 Nxh4 40. Be6+
Kf8 41. Rh2 Nf3+ 42. Kg2 Nxh2 43. Bxd7 Ke7 44. Be6 g6 45. Kxh2 f5 46. Kg3 Kf6
47. Kf4 g5+ 48. Kf3 Ke5 49. a4 a5 50. b5 f4 51. Kg4 Kf6 52. Kh5 f3 53. Bh3 Ke5
54. Kxg5 Kxd5 55. Kf4 Kc4 56. Kxf3 Kb4 57. Bd7 Kxa4 58. Ke4 Kb4 59. Kd3 Kb3 60.
Kd4 Kb4 61. Kd5 a4 62. Kc6 Ka5 63. Be6 a3 64. Ba2 Kb4 65. Kxb6 1-0

[Event "C.N. copii, juniori, tineret 2018 - Fet"]
[Site "Calimanesti"]
[Date "2018.04.01"]
[Round "7.8"]
[White "Angheluta, Diana"]
[Black "Bira, Andrada-Paraschiva"]
[Result "1-0"]
[WhiteElo "1363"]
[BlackElo "1280"]
[PlyCount "67"]
[EventDate "2018.03.27"]
[EventRounds "9"]

1. e4 e5 2. c4 Nf6 3. Nc3 Bb4 4. Nge2 c5 5. g3 O-O 6. Bg2 Nc6 7. O-O d6 8. d3
h6 9. h3 Nh7 10. Kh2 Be6 11. f4 f5 12. Be3 Kh8 13. Nd5 Ba5 14. a3 a6 15. Rb1
Bxd5 16. cxd5 Nd4 17. b4 Nxe2 18. Qxe2 cxb4 19. axb4 Bc7 20. fxe5 f4 21. Bxf4
dxe5 22. Be3 Bd6 23. Bc5 Qe7 24. Qe3 Rac8 25. Rxf8+ Nxf8 26. Rc1 Rd8 27. Bxd6
Qxd6 28. Qc5 Qb8 29. Qe7 Qa8 30. Qxe5 Nd7 31. Qf4 Rf8 32. Qd6 Qe8 33. Rc7 Ne5
34. Re7 1-0

[Event "C.N. copii, juniori, tineret 2018 - Fet"]
[Site "Calimanesti"]
[Date "2018.03.31"]
[Round "6.5"]
[White "Salajan, Stefania"]
[Black "Angheluta, Diana"]
[Result "1-0"]
[WhiteElo "1271"]
[BlackElo "1363"]
[PlyCount "51"]
[EventDate "2018.03.27"]
[EventRounds "9"]

1. e4 d5 2. exd5 Qxd5 3. Nc3 Qa5 4. d4 c6 5. Bc4 Bf5 6. Nf3 e6 7. Ne5 Nf6 8. g4
Bg6 9. h4 Be4 10. O-O Bd5 11. Bd3 Nbd7 12. f4 g6 13. Bd2 Qb6 14. Be3 Qxb2 15.
Nxd7 Nxd7 16. Na4 Qa3 17. Qe2 b5 18. c4 Bxc4 19. Bxc4 Qxa4 20. Bb3 Qa5 21. f5
gxf5 22. gxf5 Rg8+ 23. Kh1 c5 24. fxe6 fxe6 25. Bxe6 Qd8 26. Bg5 1-0

[Event "C.N. copii, juniori, tineret 2018 - Fet"]
[Site "Calimanesti"]
[Date "2018.03.30"]
[Round "5.3"]
[White "Angheluta, Diana"]
[Black "Ciocan, Ariana-Roxana"]
[Result "1/2-1/2"]
[WhiteElo "1363"]
[BlackElo "1339"]
[PlyCount "84"]
[EventDate "2018.03.27"]
[EventRounds "9"]

1. e4 e5 2. c4 Nf6 3. Nc3 Be7 4. g3 O-O 5. Bg2 d6 6. Nge2 Nbd7 7. O-O Re8 8. d3
Nf8 9. h3 Be6 10. Kh2 Qd7 11. f4 Qc8 12. Be3 c5 13. a3 Bd7 14. Rb1 Rb8 15. b4
b6 16. Qd2 Bc6 17. b5 Bb7 18. a4 Qc7 19. Ra1 Ra8 20. Nd5 Bxd5 21. exd5 N8d7 22.
Nc3 Bf8 23. Rfe1 exf4 24. Bxf4 Rxe1 25. Rxe1 Re8 26. Ne4 Nxe4 27. Rxe4 Nf6 28.
Rxe8 Nxe8 29. Bg5 h6 30. Bf4 Nf6 31. Qf2 Qe7 32. Qe3 Qxe3 33. Bxe3 Nd7 34. Be4
Ne5 35. Bf4 f6 36. Bxe5 fxe5 37. Kg2 Kf7 38. Kf3 Kf6 39. h4 g5 40. hxg5+ Kxg5
41. g4 Be7 42. Kg3 Bf6 1/2-1/2

[Event "C.N. copii, juniori, tineret 2018 - Fet"]
[Site "Calimanesti"]
[Date "2018.03.29"]
[Round "3.1"]
[White "Angheluta, Diana"]
[Black "Puia, Alexia-Teodora"]
[Result "0-1"]
[WhiteElo "1363"]
[BlackElo "1587"]
[PlyCount "100"]
[EventDate "2018.03.27"]
[EventRounds "9"]

1. c4 e5 2. Nc3 Nf6 3. e4 Bc5 4. g3 Nc6 5. Bg2 d6 6. h3 Nd4 7. d3 Ne6 8. Nge2
Bd7 9. a3 a5 10. Rb1 a4 11. O-O h5 12. Nd5 Nh7 13. Kh2 g5 14. Qc2 Ng7 15. Be3
Bxe3 16. fxe3 O-O 17. Rf2 Ra7 18. Rbf1 f5 19. exf5 c6 20. Ndc3 Nxf5 21. Qd2 Ra8
22. e4 Ng7 23. Rxf8+ Nxf8 24. Qe3 Qe7 25. Qf2 Nh7 26. Qe1 Nf6 27. Qd1 c5 28.
Rf2 Rf8 29. Qf1 h4 30. g4 Bxg4 31. Nxa4 Ngh5 32. Nac3 Be6 33. Nd5 Bxd5 34. exd5
g4 35. Kh1 Qh7 36. Be4 Qh6 37. Qg1 g3 38. Rf3 Nxe4 39. Rxf8+ Kxf8 40. dxe4 Nf4
41. Nxf4 exf4 42. Qf1 Qf6 43. Qf3 Kg7 44. Kg1 Qd4+ 45. Kh1 Qf6 46. Kg1 Kf7 47.
Qh5+ Ke7 48. Qf3 Qd4+ 49. Kf1 Qxc4+ 50. Qe2 g2+ 0-1

[Event "C.N. copii, juniori, tineret 2018 - Fet"]
[Site "Calimanesti"]
[Date "2018.03.29"]
[Round "4.5"]
[White "Celea, Andreea-Alina"]
[Black "Angheluta, Diana"]
[Result "0-1"]
[WhiteElo "1186"]
[BlackElo "1363"]
[PlyCount "120"]
[EventDate "2018.03.27"]
[EventRounds "9"]

1. e4 d5 2. exd5 Qxd5 3. Nc3 Qa5 4. d4 c6 5. Nf3 Bf5 6. Ne5 Nf6 7. Bc4 e6 8. g4
Bg6 9. Nxg6 hxg6 10. Qe2 Be7 11. Bd2 Qc7 12. O-O-O Rxh2 13. Qf3 Bd6 14. Ne2
Nbd7 15. Bf4 Bxf4+ 16. Nxf4 Rxh1 17. Rxh1 O-O-O 18. g5 Nd5 19. Nxd5 cxd5 20.
Bb3 Nb6 21. Qc3 Qxc3 22. bxc3 f6 23. gxf6 gxf6 24. Rh7 Rd7 25. Rxd7 Kxd7 26.
Kd2 Kd6 27. Kd3 e5 28. dxe5+ Kxe5 29. Ke3 f5 30. f4+ Ke6 31. Kd4 Kd6 32. c4
dxc4 33. Bxc4 Nxc4 34. Kxc4 a6 35. a4 b6 36. c3 Kc6 37. Kd4 b5 38. a5 Kd6 39.
c4 b4 40. c5+ Kc6 41. Kc4 b3 42. Kxb3 Kxc5 43. Ka4 Kc4 44. Ka3 Kb5 45. Kb3 Kxa5
46. Kc4 Kb6 47. Kd5 a5 48. Ke6 a4 49. Kf6 a3 50. Kxg6 a2 51. Kxf5 a1=Q 52. Ke6
Qe1+ 53. Kf5 Kc5 54. Kf6 Kd5 55. f5 Qf1 56. Kg6 Ke5 57. f6 Qxf6+ 58. Kh5 Qg7
59. Kh4 Kf4 60. Kh3 Qg3# 0-1

[Event "C.N. copii, juniori, tineret 2018 - Fet"]
[Site "Calimanesti"]
[Date "2018.03.28"]
[Round "2.8"]
[White "Ciapa, Ioana-Antonia"]
[Black "Angheluta, Diana"]
[Result "0-1"]
[WhiteElo "1233"]
[BlackElo "1363"]
[PlyCount "36"]
[EventDate "2018.03.27"]
[EventRounds "9"]

1. e4 d5 2. exd5 Qxd5 3. Nc3 Qa5 4. d4 c6 5. Bd2 Qc7 6. Nge2 Bf5 7. Bf4 Qb6 8.
b3 Nf6 9. Ng3 Bg6 10. Bc4 e6 11. O-O Nbd7 12. Nce2 Be7 13. Re1 O-O 14. Bd3 Nd5
15. Bxg6 hxg6 16. c4 Nxf4 17. Nxf4 Bf6 18. Nfe2 Rfd8 {etc} 0-1

[Event "C.N. copii, juniori, tineret 2018 - Fet"]
[Site "Calimanesti"]
[Date "2018.03.27"]
[Round "1.8"]
[White "Angheluta, Diana"]
[Black "Costea, Ana-Maria-Teodora"]
[Result "1-0"]
[WhiteElo "1363"]
[BlackElo "1081"]
[PlyCount "119"]
[EventDate "2018.03.27"]
[EventRounds "9"]

1. c4 e5 2. Nc3 Nc6 3. e4 Nf6 4. g3 Bc5 5. Bg2 d6 6. Nge2 Be6 7. d3 Bd4 8. Nxd4
Nxd4 9. O-O h6 10. a3 Qc8 11. Rb1 Bh3 12. b4 O-O 13. Be3 Bxg2 14. Kxg2 Qd7 15.
f4 Nc6 16. b5 Ne7 17. fxe5 dxe5 18. Bxh6 gxh6 19. Rxf6 Kg7 20. Qf1 Ng6 21. Rd1
Rg8 22. Kh1 Qd8 23. Rxf7+ Kh8 24. Nd5 Rf8 25. Rxf8+ Qxf8 26. Qxf8+ Rxf8 27.
Nxc7 Rf7 28. Nd5 Rf2 29. Nc3 h5 30. Kg1 Rc2 31. Nb1 h4 32. Rf1 h3 33. Rf2 Rc1+
34. Rf1 Rc2 35. Rd1 Rg2+ 36. Kh1 Rf2 37. Nc3 Nf8 38. Kg1 Rg2+ 39. Kh1 Rf2 40.
Nd5 Ne6 41. Ne3 Re2 42. Ng4 Nd4 43. Rf1 Nc2 44. Nxe5 Ne3 45. Ng6+ Kg7 46. Nf4
Rd2 47. Re1 Ng4 48. Kg1 Rxh2 49. Re2 Rxe2 50. Nxe2 h2+ 51. Kg2 Nf2 52. Kxh2
Nxd3 53. Nd4 Kf6 54. Nf3 Ke6 55. Kg2 Kf6 56. g4 Nf4+ 57. Kf2 Nd3+ 58. Ke3 Ne5
59. Nxe5 Kxe5 60. c5 1-0

[Event "WSCC G11"]
[Site "?"]
[Date "2017.04.29"]
[Round "?"]
[White "Angheluta, Diana"]
[Black "Jayatilleke, Omaya Tashi"]
[Result "1-0"]
[WhiteElo "1461"]
[BlackElo "1087"]
[PlyCount "56"]
[EventDate "2017.??.??"]

1. c4 e6 2. Nc3 d5 3. cxd5 exd5 4. d4 Nf6 5. e3 Bd6 6. Nge2 O-O 7. g3 Bf5 8.
Bg2 c6 9. O-O Re8 10. Bd2 Nbd7 11. a3 b5 12. Rc1 Qb6 13. Na2 Rec8 14. Bb4 Bxb4
15. Nxb4 a5 16. Nd3 Rcb8 17. Ne5 a4 18. Rc3 b4 19. axb4 Qxb4 20. Qc1 Ra6 21.
Nf4 h6 22. Nxd5 Nxd5 23. Bxd5 Qb7 24. Bxf7+ Kh7 25. g4 Be4 26. f3 Bxf3 27. Nxf3
Rf8 28. Bc4 Qc7 1-0

[Event "WSCC G11"]
[Site "?"]
[Date "2017.04.26"]
[Round "?"]
[White "Velea, Stephanie"]
[Black "Angheluta, Diana"]
[Result "1-0"]
[WhiteElo "1295"]
[BlackElo "1461"]
[PlyCount "105"]
[EventDate "2017.??.??"]

1. e4 d5 2. exd5 Qxd5 3. Nc3 Qa5 4. d4 c6 5. Nf3 Bg4 6. Bc4 e6 7. Be3 Nf6 8.
Qe2 Bd6 9. Bd2 Qc7 10. h3 Bh5 11. g4 Bg6 12. Ne5 Bxe5 13. dxe5 Nd5 14. f4 h6
15. Rf1 Ne7 16. Ne4 Bxe4 17. Qxe4 g6 18. O-O-O h5 19. Rh1 Nd7 20. Bb4 Nd5 21.
Bxd5 cxd5 22. Qd3 Rc8 23. Bd6 Qc4 24. Qxc4 Rxc4 25. f5 Rf4 26. fxg6 fxg6 27.
Rdf1 Rxf1+ 28. Rxf1 hxg4 29. hxg4 Rh4 30. Rf4 a5 31. Kd2 b5 32. Rd4 Kd8 33. Kc3
Rh3+ 34. Rd3 Rh4 35. Rg3 g5 36. Kd3 Nb6 37. b3 Kd7 38. Kc3 Nc8 39. Bc5 Kc6 40.
b4 a4 41. Be3 Rh7 42. Bxg5 Rg7 43. Bf6 Rg6 44. g5 Kd7 45. Rh3 Rg8 46. Rh6 Ke8
47. g6 Nb6 48. g7 Kf7 49. Rh8 Nd7 50. Kd4 a3 51. c3 Rxg7 52. Bxg7 Kxg7 53. Rd8
1-0

[Event "WSCC G11"]
[Site "?"]
[Date "2017.04.25"]
[Round "?"]
[White "Angheluta, Diana"]
[Black "Latifah, Darmaki"]
[Result "1-0"]
[WhiteElo "1461"]
[BlackElo "1200"]
[PlyCount "113"]
[EventDate "2017.??.??"]

1. c4 c5 2. Nc3 Nc6 3. e4 g6 4. g3 Bg7 5. Nge2 e6 6. Bg2 Nge7 7. d3 O-O 8. O-O
b6 9. a3 Bb7 10. Rb1 Rb8 11. b4 f5 12. Bf4 e5 13. Bd2 d6 14. f4 Nd4 15. Nxd4
cxd4 16. Nd5 Nxd5 17. exd5 Qd7 18. Qc2 Rbc8 19. Qb3 Rfe8 20. Rbe1 Kh8 21. b5
Qc7 22. Re2 e4 23. Rfe1 e3 24. Bc1 Qe7 25. Rf1 Rf8 26. Bb2 h6 27. Qa2 g5 28.
Qa1 Qf6 29. Rxe3 Rce8 30. Rfe1 Rxe3 31. Rxe3 h5 32. Re6 Qf7 33. Bxd4 Bc8 34.
Bxg7+ Qxg7 35. Qxg7+ Kxg7 36. Re2 gxf4 37. gxf4 Kf6 38. Kf2 Rg8 39. Bf3 h4 40.
Re1 a6 41. a4 axb5 42. axb5 Bd7 43. Ra1 Bc8 44. Ra7 Rg7 45. Ra8 Rg8 46. Rb8 Rd8
47. Rxb6 Ke7 48. Rb8 Bd7 49. Rxd8 Kxd8 50. Be2 Kc7 51. Kg2 Kb6 52. Kh3 Kc5 53.
Kxh4 Kd4 54. Bf1 Ke3 55. Kg3 Kd4 56. b6 Bc8 57. Bh3 1-0

[Event "WSCC G11"]
[Site "?"]
[Date "2017.04.24"]
[Round "?"]
[White "Angheluta, Diana"]
[Black "Galymzhankyzy, Dinasyl"]
[Result "0-1"]
[WhiteElo "1461"]
[BlackElo "1085"]
[PlyCount "104"]
[EventDate "2017.??.??"]

1. c4 c5 2. Nc3 Nc6 3. e4 e6 4. g3 g6 5. Bg2 Nge7 6. Nge2 Bg7 7. d3 O-O 8. O-O
f5 9. h3 Qc7 10. Kh2 fxe4 11. Bxe4 Nd4 12. f4 Nef5 13. Bd2 Nxe2 14. Qxe2 Nd4
15. Qd1 d6 16. Rb1 Bd7 17. a3 Rf7 18. b4 Bc6 19. Rc1 Raf8 20. Bxc6 Qxc6 21. Ne4
e5 22. Ng5 Rf5 23. g4 R5f6 24. Ne4 R6f7 25. Ng5 Re7 26. Kg1 h6 27. Ne4 Ref7 28.
b5 Qd7 29. Qa4 Ne2+ 30. Kh1 Nxc1 31. Bxc1 exf4 32. Qxa7 f3 33. Be3 h5 34. Qa4
hxg4 35. Ng5 Re7 36. Bf2 gxh3 37. Kh2 Be5+ 38. Bg3 Bxg3+ 39. Kxg3 Qf5 40. Nxh3
Qe5+ 41. Kg4 Qh5+ 42. Kg3 f2 43. Rxf2 Re3+ 44. Kg2 Qg4+ 45. Kh1 Re1+ 46. Kh2
Rxf2+ 47. Nxf2 Qg1+ 48. Kh3 Qxf2 49. Kg4 Qg2+ 50. Kf4 Qf2+ 51. Kg4 Rg1+ 52. Kh3
Qg3# 0-1

[Event "WSCC G11"]
[Site "?"]
[Date "2017.04.24"]
[Round "?"]
[White "Petricenco, Ana"]
[Black "Angheluta, Diana"]
[Result "0-1"]
[WhiteElo "1059"]
[BlackElo "1461"]
[PlyCount "106"]
[EventDate "2017.??.??"]

1. e4 d5 2. exd5 Qxd5 3. Nc3 Qa5 4. d4 c6 5. Nf3 Bf5 6. Bc4 e6 7. O-O Bd6 8.
Re1 Nf6 9. Bg5 Nbd7 10. Nh4 Bg6 11. Nf3 O-O 12. Qe2 Bh5 13. Qe3 Bxf3 14. Qxf3
Qxg5 15. Ne4 Nxe4 16. Rxe4 Nf6 17. Ree1 Qf4 18. Qh3 Ng4 19. Qg3 Qxd4 20. Qd3
Qxd3 21. Bxd3 Bxh2+ 22. Kf1 Bc7 23. Re4 Ne5 24. Be2 Ng6 25. Rd1 Rfd8 26. Rc1
Rd7 27. Rb4 Bb6 28. Bd3 Rd4 29. Rxd4 Bxd4 30. Rb1 b5 31. c3 Bf6 32. Bxg6 hxg6
33. Rd1 Rd8 34. Re1 Rd2 35. Rb1 Kf8 36. Ke1 Rd5 37. Ke2 Ke7 38. Ke3 Kd6 39. f4
g5 40. fxg5 Bxg5+ 41. Ke4 f5+ 42. Kf3 e5 43. g4 e4+ 44. Kg3 f4+ 45. Kf2 Ke5 46.
Ke2 f3+ 47. Kf2 Kf4 48. Re1 Bh4+ 49. Kf1 Bxe1 50. Kxe1 e3 51. g5 e2 52. Kf2 Rd1
53. g6 Rf1# 0-1

[Event "WSCC G11"]
[Site "?"]
[Date "2017.04.23"]
[Round "?"]
[White "Wickramasinghe, Minethma Lasandi"]
[Black "Angheluta, Diana"]
[Result "1-0"]
[WhiteElo "1129"]
[BlackElo "1461"]
[PlyCount "95"]
[EventDate "2017.??.??"]

1. e4 d5 2. exd5 Qxd5 3. Nc3 Qa5 4. d4 c6 5. Nf3 Nf6 6. Bc4 Bg4 7. h3 Bh5 8. g4
Bg6 9. Ne5 e6 10. h4 Bd6 11. h5 Be4 12. Rh3 h6 13. Qe2 Bh7 14. Nxf7 Be7 15.
Nxh8 Nbd7 16. Bxe6 Kf8 17. Bf4 Re8 18. O-O-O Bb4 19. Qc4 Nb6 20. Qb3 Nfd7 21.
Bxd7 Bg8 22. Qa4 Bxc3 23. Qxa5 Bxa5 24. Ng6+ Kf7 25. Bxe8+ Kxe8 26. Re3+ Kd8
27. f3 Nd5 28. Re5 Bc7 29. Rf5 Be6 30. Rf8+ Kd7 31. Bxc7 Kxc7 32. c3 Bd7 33.
Rf7 Nf6 34. Ne5 Kd6 35. Nxd7 Nxd7 36. Rxg7 Nf8 37. Rxb7 a5 38. c4 Ne6 39. d5
Nc5 40. Rh7 cxd5 41. Rxd5+ Kc6 42. Rxh6+ Kc7 43. Rxc5+ Kd7 44. Rcc6 a4 45. a3
Ke7 46. Rh7+ Kd8 47. Ra6 Kc8 48. Ra8# 1-0

[Event "Batumi Georgia, World ChampionshipU10"]
[Site "?"]
[Date "2016.10.30"]
[Round "?"]
[White "Guliyeva, Leyla"]
[Black "Angheluta, Diana"]
[Result "0-1"]
[WhiteElo "1239"]
[BlackElo "1395"]
[PlyCount "76"]
[EventDate "2016.??.??"]

1. e4 d5 2. exd5 Qxd5 3. Nc3 Qa5 4. d4 c6 5. Nf3 Bf5 6. Bc4 e6 7. O-O Bd6 8.
Bd2 Qc7 9. h3 Nf6 10. Re1 O-O 11. Bg5 Nbd7 12. Bxf6 Nxf6 13. Ne5 Bb4 14. a3
Bxc3 15. bxc3 Nd5 16. Qd2 Rfd8 17. Bd3 Bg6 18. c4 Nb6 19. Nxg6 hxg6 20. Rad1
Rxd4 21. Qe3 Rad8 22. c5 Na4 23. Be2 Rxd1 24. Rxd1 Rxd1+ 25. Bxd1 Qd7 26. Be2
Qe7 27. Qd3 Nxc5 28. Qe3 b6 29. Bc4 Nd7 30. Qf3 Qd6 31. Bd3 Ne5 32. Qe4 Nxd3
33. cxd3 Qd5 34. Qe3 c5 35. f3 b5 36. Kf2 a5 37. Ke2 Qa2+ 38. Kf1 Qxa3 0-1

[Event "World Cadets Championship G U10"]
[Site "?"]
[Date "2016.10.26"]
[Round "?"]
[White "Gabelaia, Mariam"]
[Black "Angheluta, Diana"]
[Result "1-0"]
[WhiteElo "1160"]
[BlackElo "1395"]
[PlyCount "93"]
[EventDate "2016.??.??"]

1. d4 Nf6 2. Nf3 e6 3. c4 Be7 4. g3 b6 5. Bg2 Bb7 6. O-O d6 7. b3 Nbd7 8. Bb2
O-O 9. Nc3 c5 10. e3 h6 11. Qc2 Rb8 12. Rac1 Ba6 13. Rfd1 Qc7 14. e4 Rfe8 15.
Qd2 Rbd8 16. d5 e5 17. Re1 Rb8 18. a4 Nh7 19. Rcd1 Rf8 20. Bh3 Ng5 21. Nxg5
Bxg5 22. Qe2 Bc8 23. Nb5 Qd8 24. Nxd6 Ba6 25. Nb5 Bxb5 26. axb5 Re8 27. Bc3 Ra8
28. Qb2 Bf6 29. Qe2 a6 30. bxa6 Rxa6 31. Bd2 Ra3 32. Rb1 Ra2 33. Ra1 Rb2 34.
Reb1 Rxb1+ 35. Rxb1 Nf8 36. Qg4 Ng6 37. Qd7 Qxd7 38. Bxd7 Ra8 39. Bf5 Ne7 40.
Bh3 Ng6 41. Be3 Kf8 42. b4 cxb4 43. Rxb4 Ra1+ 44. Kg2 Ra6 45. Rxb6 Rxb6 46.
Bxb6 Ke7 47. c5 1-0

[Event "World Cadets Championship G U10"]
[Site "?"]
[Date "2016.10.22"]
[Round "?"]
[White "Angheluta, Diana"]
[Black "Bayasgalan, Khishigbaatar"]
[Result "0-1"]
[WhiteElo "1395"]
[BlackElo "1109"]
[PlyCount "52"]
[EventDate "2016.??.??"]

1. c4 e6 2. Nc3 d5 3. cxd5 exd5 4. d4 Nf6 5. g3 Bf5 6. Bg2 c6 7. e3 Bd6 8. Qb3
Qc7 9. Nge2 O-O 10. Bd2 a5 11. Rc1 Qe7 12. O-O Nbd7 13. a3 b5 14. Na2 Rfc8 15.
Bc3 Bd3 16. Qd1 Bc4 17. b3 Bxe2 18. Qxe2 Bxa3 19. Rb1 Nb6 20. Rfd1 a4 21. bxa4
Nxa4 22. Ba1 Nb6 23. Qc2 Nc4 24. Bc3 Bd6 25. Ra1 Rcb8 26. Bf1 b4 0-1